00920njm a2200253Ia 450000100060000000300090000600500170001500800410003204000130007304000130008610000210009910000180012010000370013824500430017525000110021826000110022926000390024030000100027930000290028950000680031850501590038665000510054570000700059624247IT-RoPAU20220918181112.0131025s9999 xx 000 0 und d aIT-RoPAU cIT-RoPAU aNivers Guillaume eAutore musica gCodice autore musica SPICS: 8096 aMaestri d'organo del seicento francese a1a ed. aVARESE bARION - DUCALEc1974 [1a Ed.:1974] aDISCO c47 minuti (Testo: pag.) aCanto gregoriano. Musica religiosa. Musica strumentale: organo. aSecondo tono (37:00) - Sesto tono (17:00) - Magnificat del quarto tono (8:00) - Offertorio in fa (4:00) - Elevazione in sol (2:00) - Sinfonia in fa (3:00) aRELIGIOSO [DISCHI]eCodice MATERIA SPICS: 9950 aLe Begue NicolaseAutore musicagCodice autore musica SPICS: 8106